Mélyalmos, kiscsoportos elletés üzemi tapasztalatai ipari szervezésű tehenészeti telepen
Elmentve itt :
| Szerző: | |
|---|---|
| További közreműködők: | |
| Dokumentumtípus: | Szakdolgozat |
| Megjelent: |
1983
|
| Kulcsszavak: | Tehenészet Szarvasmarha-tenyésztés Elletés Elletőistálló |
| Tárgyszavak: | |
| Online Access: | http://diploma.bibl.u-szeged.hu/98652 |
| LEADER | 00828nta a2200253 i 4500 | ||
|---|---|---|---|
| 001 | dipl98652 | ||
| 005 | 20220106114425.0 | ||
| 008 | 220106s1983 hu om 0|| zxx d | ||
| 040 | |a SZTE Diploma Repozitórium |b hun | ||
| 041 | |a zxx | ||
| 100 | 1 | |a Tollas Márta | |
| 245 | 1 | 0 | |a Mélyalmos, kiscsoportos elletés üzemi tapasztalatai ipari szervezésű tehenészeti telepen |h [elektronikus dokumentum] / |c Márta Tollas |
| 260 | |c 1983 | ||
| 300 | |a 24 | ||
| 650 | 4 | |a Agrár | |
| 650 | 4 | |a Agricultural sciences | |
| 650 | 4 | |a Animal and Dairy science | |
| 695 | |a Tehenészet | ||
| 695 | |a Szarvasmarha-tenyésztés | ||
| 695 | |a Elletés | ||
| 695 | |a Elletőistálló | ||
| 700 | 0 | 1 | |a Varga Tibor |e ths |
| 700 | 0 | 1 | |a Vida Imre |e ths |
| 856 | 4 | 0 | |u https://diploma.bibl.u-szeged.hu/id/eprint/98652/1/1983_tollas_marta.pdf |z Dokumentum-elérés |